00432nam a2200133Ia 4500008004100000020001800041100001700059245008800076250001100164260004200175300002100217650002100238650003900259180925s9999 xx 000 0 und d a9789814416580 aFerell, O.C. cO.C Ferell, Debbie M. Thorne, Linda Ferell.--aSocial responsibility and business / a4th ed aPhilippines :bCengage learningc2012 axvii, 667 pages. aBusiness ethics. aSocial responsibility of business.